Statistics for Martial Arts Belt Systems

Click here to take the quiz!

General Stats

  • This quiz has been taken 105 times
  • The average score is 12 of 20

Answer Stats

Answers% Correct
White
99%
Black
98%
Red
98%
Blue
97%
Green
95%
Yellow
95%
Purple
94%
Purple
94%
Brown
92%
Brown
92%
Orange
90%
Red and Black
23%
Red with Black Tag
20%
White with Yellow Tag
20%
Green with Blue Tag
17%
Red and White
17%
Blue with Red Tag
16%
Yellow with Green Tag
16%
Brown and White Stripe
5%
Brown and Red Stripe
1%

Score Distribution

Percentile by Number Answered

Percent of People with Each Score

Your Score History

You have not taken this quiz